Ethnic identity and power : Cultural contexts of political action in school and society (Record no. 1385601)
[ view plain ]
| 000 -LEADER | |
|---|---|
| fixed length control field | 00809nam a2200229Ia 4500 |
| 005 - DATE AND TIME OF LATEST TRANSACTION | |
| control field | 20250508163841.0 |
| 008 - FIXED-LENGTH DATA ELEMENTS--GENERAL INFORMATION | |
| fixed length control field | 008 250505s9999 xx 000 0 eng d |
| 020 ## - INTERNATIONAL STANDARD BOOK NUMBER | |
| International Standard Book Number | 0-7914-3754-X |
| 037 ## - SOURCE OF ACQUISITION | |
| Stock number | Reference |
| 040 ## - CATALOGING SOURCE | |
| Original cataloging agency | FEDL |
| Language of cataloging | eng |
| Transcribing agency | FEDL |
| 041 ## - LANGUAGE CODE | |
| Language code of text/sound track or separate title | eng |
| Source of code | eng |
| 084 ## - COLON CLASSIFICATION NUMBER | |
| Classification number | 371.829, Zou |
| Assigning agency | FEDL |
| 100 ## - MAIN ENTRY--PERSONAL NAME | |
| Personal name | Zou Yali Ed. |
| 9 (RLIN) | 458221 |
| 245 #0 - TITLE STATEMENT | |
| Title | Ethnic identity and power : Cultural contexts of political action in school and society |
| 260 ## - PUBLICATION, DISTRIBUTION, ETC. | |
| Place of publication, distribution, etc. | New York, USA |
| Name of publisher, distributor, etc. | State University of New York Press |
| Date of publication, distribution, etc. | 1998 |
| 300 ## - PHYSICAL DESCRIPTION | |
| Extent | xiv,452p. |
| 365 ## - TRADE PRICE | |
| Price type code | GBP |
| Price amount | 15.5 |
| 650 ## - SUBJECT ADDED ENTRY--TOPICAL TERM | |
| Topical term or geographic name entry element | Ethnicity - Cross-cultural studies; Critical pedagogy-cross cultural studies; Education - Minorities |
| 9 (RLIN) | 776551 |
| 700 ## - ADDED ENTRY--PERSONAL NAME | |
| Personal name | Trueba Enrique T. Ed. |
| 9 (RLIN) | 776552 |
| 942 ## - ADDED ENTRY ELEMENTS (KOHA) | |
| Koha item type | Reference |
| Classification part | 371.829, Zou |
| Withdrawn status | Lost status | Damaged status | Not for loan | Home library | Current library | Date acquired | Cost, normal purchase price | Total Checkouts | Full call number | Barcode | Date last seen | Price effective from | Koha item type |
|---|---|---|---|---|---|---|---|---|---|---|---|---|---|
| Department of Education Library | Department of Education Library | 2025-05-08 | 15.50 | 371.829, Zou | EL0079169 | 2025-05-08 | 2025-05-08 | Reference |
